Fitnah-yi Tātār. (Record no. 57346)

MARC details
000 -LEADER
fixed length control field 00464cam a22001931 4500
001 - CONTROL NUMBER
control field sa 64002516
003 - CONTROL NUMBER IDENTIFIER
control field DLC
005 - DATE AND TIME OF LATEST TRANSACTION
control field 20260227112010.0
008 - FIXED-LENGTH DATA ELEMENTS--GENERAL INFORMATION
fixed length control field 070612q19501959pk 000 0 urd
010 ## - LIBRARY OF CONGRESS CONTROL NUMBER
LC control number sa 64002516
040 ## - CATALOGING SOURCE
Original cataloging agency DLC
Transcribing agency DLC
Modifying agency DLC
050 00 - LIBRARY OF CONGRESS CALL NUMBER
Classification number PK2200.A7
Item number F5
100 1# - MAIN ENTRY--PERSONAL NAME
Personal name Aslam, Muhammad,
Dates associated with a name 1885-
245 10 - TITLE STATEMENT
Title Fitnah-yi Tātār.
260 ## - PUBLICATION, DISTRIBUTION, ETC.
Date of publication, distribution, etc. [195-?]
300 ## - PHYSICAL DESCRIPTION
Extent 416 p.
Dimensions 18 cm.
500 ## - GENERAL NOTE
General note In Urdu.
500 ## - GENERAL NOTE
General note Text partially vocalized.

No items available.

Powered by Koha